000 00941cam a2200265 4500
001 ABS64840
008 011127n2001 000 0 eng u
035 _a(Sirsi) u115744
100 _aBull, G.
245 _aTreasury to block Stamp Duty abolition in disadvantaged communities?
260 _c2001
490 _aSocial Housing
_v13(10) October 2001, 11(1)
520 _aReviews the latest tax developments concerning the Treasury wishing to block the proposal that stamp duty be abolished for all property transactions in Britain's disadvantaged communities; discusses sinking funds; wasted tax reliefs, and tax traps for loans by charities.
590 _aABS
650 _aSTAMP DUTY
650 _aSINKING FUNDS
650 _aTAX RELIEF
650 _aREGISTERED SOCIAL LANDLORDS
650 _aTENANTS
650 _aDEPRIVED AREAS
650 _aURBAN RENEWAL
650 _aCHARITIES
690 _aTAXATION
942 _n0
999 _c68943
_d68943